000 00905nam a2200229 a 4500
001 48678
003 BD-RjUL
005 20211209054551.0
008 160629r19791972ii ||||| |||| 00| 0 ben d
035 _a(BD-RjUL)48797
040 _aBD-RjUL
_bben
_cBD-RjUL
_dBD-RjUL
041 _aben
082 _223
_a370.15
_bGHS 1979
100 _aঘোষ, অরুণ
_9117679
245 1 0 _aশিক্ষাবিজ্ঞানের মূলতত্ত্ব /
_cঅরুণ ঘোষ
250 _a৯ম সং.
260 _aকলিকাতা :
_bএডুকেশানাল এণ্টার প্রাইজার্স,
_c১৯৭২[মুদ্রণ ১৯৭৭]
300 _aবিভিন্ন পৃ. :
_bচিত্র ;
_c২৩ সেমি.
650 _aশিক্ষা বিজ্ঞান
_9134936
650 _aEducation Science
_9134937
942 _2ddc
_cBK
999 _c48678
_d48678